Tourism and Aviation : Airbone for Progress (Record no. 3119)

MARC details
000 -LEADER
fixed length control field 00411nam a2200157Ia 4500
003 - CONTROL NUMBER IDENTIFIER
control field OSt
005 - DATE AND TIME OF LATEST TRANSACTION
control field 20230526143837.0
008 - FIXED-LENGTH DATA ELEMENTS--GENERAL INFORMATION
fixed length control field 230525s9999 xx 000 0 und d
082 ## - DEWEY DECIMAL CLASSIFICATION NUMBER
Item number SIDT
100 ## - MAIN ENTRY--PERSONAL NAME
Personal name SIDHU, S.S.
245 #0 - TITLE STATEMENT
Title Tourism and Aviation : Airbone for Progress
260 ## - PUBLICATION, DISTRIBUTION, ETC.
Place of publication, distribution, etc. Delhi
Name of publisher, distributor, etc. Foundation for aviation & Sustainable Tourism
Date of publication, distribution, etc. 2001
300 ## - PHYSICAL DESCRIPTION
Extent 152
650 ## - SUBJECT ADDED ENTRY--TOPICAL TERM
Topical term or geographic name entry element Tourism/Avition
942 ## - ADDED ENTRY ELEMENTS (KOHA)
Koha item type Book
Source of classification or shelving scheme Dewey Decimal Classification
Holdings
Withdrawn status Lost status Source of classification or shelving scheme Damaged status Not for loan Collection code Home library Current library Date acquired Source of acquisition Cost, normal purchase price Full call number Barcode Date last seen Price effective from Koha item type Public note
    Dewey Decimal Classification     Non-fiction RIC Library RIC Library 05/25/2023 IIC DELHI 390.00 387.7 SIDT 000284 05/25/2023 05/25/2023 Book R-8.4

Venue

Rajasthan International Centre
Sansthan Path,JLN Marg, Jaipur- 302017
Phone: +91-7230904025